000 00636nam a2200229 i 4500
001 C2-0297840
003 PPAK
005 20180728080020.0
008 090524s2003 ii |||| ||||| | tam d
040 _aPPAK
_beng
_cPPAK
_erda
082 0 4 _a894.8113
_223
090 0 0 _a894.8113
_bJAN
_dK
100 0 _aJanaki Manaalan,
_eauthor
245 1 0 _aAnnal pugattiya anbuppadam
264 1 _aChennai, India :
_bThiruvasaru Puthaka Nilayam ,
_c2003
300 _a112 pages ;
_c18 cm
336 _2rdacontent
_atext
337 _2rdamedia
_aunmediated
338 _2rdacarrier
_avolume
650 1 0 _aShort stories, Tamil.
942 _ddc
_cB
999 _c102201
_d102201